LEVINSON'S REVIEW OF MEDICAL MICROBIOLOGY & IMMUNOLOGY (Record no. 30665)

MARC details
000 -LEADER
fixed length control field 00449nam a22001697a 4500
003 - CONTROL NUMBER IDENTIFIER
control field SGT
020 ## - INTERNATIONAL STANDARD BOOK NUMBER
International Standard Book Number 9781266098796
082 ## - DEWEY DECIMAL CLASSIFICATION NUMBER
Classification number 616.01
Item number L24H
100 ## - MAIN ENTRY--PERSONAL NAME
Personal name HONG, PETER CHIN
245 ## - TITLE STATEMENT
Title LEVINSON'S REVIEW OF MEDICAL MICROBIOLOGY & IMMUNOLOGY
250 ## - EDITION STATEMENT
Edition statement 18TH
260 ## - PUBLICATION, DISTRIBUTION, ETC. (IMPRINT)
Place of publication, distribution, etc NEW YORK
Name of publisher, distributor, etc MC GROW HILL PUB
Year of Publication 2024
300 ## - PAGE DESCRIPTION
No. of Pages 843
650 ## - SUBJECT ADDED ENTRY--TOPICAL TERM
Topical term or geographic name as entry element MICROBILOGY
653 ## - KEYWORDS--INDEX TERM
Keyword term LEVINSON'S REVIEW OF MEDICAL MICROBIOLOGY & IMMUNOLOGY
942 ## - ADDED ENTRY ELEMENTS (KOHA)
Source of classification or shelving scheme Dewey Decimal Classification
Koha item type Books
Holdings
Withdrawn status Lost status Source of classification or shelving scheme Damaged status Not for loan Collection code Home library Current library Shelving location Date acquired Vendor Name Cost, normal purchase price SGTU Bill Number Total Checkouts Full call number Accession No. (Barcode) Date last seen Bill Date Koha item type
    Dewey Decimal Classification   Not For Loan MEDICAL SGT Medical Library SGT Medical Library Reference Book 11/02/2025 ABC DELHI 3094.00 SGTU 20461   616.01 L24H FM14853 04/04/2025 11/02/2025 Books
    Dewey Decimal Classification   Not For Loan MEDICAL SGT Medical Library SGT Medical Library Reference Book 11/02/2025 ABC DELHI 3094.00 SGTU 20461   616.01 L24H FM14854 04/04/2025 11/02/2025 Books
    Dewey Decimal Classification   Not For Loan MEDICAL SGT Medical Library SGT Medical Library Reference Book 11/02/2025 ABC DELHI 3094.00 SGTU 20461   616.01 L24H FM14855 04/04/2025 11/02/2025 Books